000 00280nam a22001337a 4500
008 170405b xxu||||| |||| 00| 0 eng d
020 _a0120445506
041 _aeng
080 _a574
100 _a9
101 _aSHM
245 _aPLANT PATHOLOGY
_cAGRIOS, G.N
942 _2udc
_cBK
999 _c9751
_d9751